000 01424nam a22002777a 4500
005 2012112004274.0
008 090408t xxu||||| |||| 00| 0 hin d
010 _aHIN-97417
020 _c400.00
_a9788188167584
035 _aHN-69763
037 _bDBAD / PUB
040 _aDPL
_bHN
082 _a821.08
100 _927482
245 _aख़ुश्बू-ए-अहसासःमुकेश गंभीरः
_cअमर साहनी एवं अंजु दुआ जैमिनी द्वारा संपादित
_bएक विश्लेषणात्मक अध्ययन /
260 _bकलावती प्रकाशन
_c2011
_aनई दिल्ली
270 _aपी-4, पिलंजी सरोजिनी नगर
_bनई दिल्ली
_e110023
_k011- 26114151
_mKalawati_prakashan@rediffmail.com
300 1 _a152पृ.
_c22सेमी (सजिल्द)
_bरंगीन फोटो
650 _91169
700 _927483
_aसाहनी, अमर
700 _aजैमिनी, अंजु दुआ
_953630
710 _952094
711 _952444
942 _adpl
_cHN
_2ddc
_mखु़श्बूए
_h821.08
999 _c71481
_d71481